00466nam a2200181Ia 4500008004100000020001800041050001400059100002300073245003200096245005600128260001500184260001600199260000900215300001500224300002700239300001000266500000800276170918s9999 xx 000 0 und d a9780545320771 bV484 2006 aVerdick, Elizabeth aGerms are not for sharing / cElizabeth Verdick ; illustrated by Marieka Heinlen. aNew York : bScholastic, c2006 a34 pages : bcolored illustration ; c20cm. a490